| 000 | 00578nam a2200181Ia 4500 | ||
|---|---|---|---|
| 003 | OSt | ||
| 005 | 20260124092901.0 | ||
| 008 | 210210b1961 xxu||||| |||| 00| 0 eng d | ||
| 040 | _cAL | ||
| 041 | _akan | ||
| 082 | _a858/67 | ||
| 100 |
_aJIVUBAYI LAKSHMANARAV _9164311 _dಜೀವೂಬಾಯಿ ಲಕ್ಷ್ಮಣ ರಾವ್ |
||
| 245 |
_aCharles Darvinnara Atmakathe: _bಚಾರ್ಲ್ಸ್ ಡಾರ್ವಿನ್ನರ ಆತ್ಮಕಥೆ |
||
| 260 |
_aMaisuru _bSharada Mandira _c1961 |
||
| 690 |
_aBiography _9164312 |
||
| 906 | _a020611 | ||
| 942 |
_2ddc _cBK |
||
| 999 |
_c144764 _d144764 |
||